Hình họa 1
Gardado en:
| Autor Principal: | |
|---|---|
| Formato: | Libro |
| Idioma: | Undetermined |
| Publicado: |
Hà Nội
Đại học Sư phạm
2004
|
| Những chủ đề: | |
| Các nhãn: |
Engadir etiqueta
Sen Etiquetas, Sexa o primeiro en etiquetar este rexistro!
|
| Thư viện lưu trữ: | Trung tâm Học liệu Trường Đại học Cần Thơ |
|---|
| LEADER | 00528nam a2200205Ia 4500 | ||
|---|---|---|---|
| 001 | CTU_98346 | ||
| 008 | 210402s9999 xx 000 0 und d | ||
| 020 | |c 57000 | ||
| 082 | |a 741 | ||
| 082 | |b L250 | ||
| 100 | |a Triệu, Khắc Lễ | ||
| 245 | 0 | |a Hình họa 1 | |
| 245 | 0 | |c Triệu Khắc Lễ | |
| 260 | |a Hà Nội | ||
| 260 | |b Đại học Sư phạm | ||
| 260 | |c 2004 | ||
| 650 | |a Drawing | ||
| 650 | |x Instruction | ||
| 904 | |i Năm | ||
| 980 | |a Trung tâm Học liệu Trường Đại học Cần Thơ | ||